Bird Migration (Record no. 601765)

MARC details
000 -LEADER
fixed length control field 00368nam a2200145Ia 4500
008 - FIXED-LENGTH DATA ELEMENTS--GENERAL INFORMATION
fixed length control field 100415s9999 xx 000 0 und d
082 ## - DEWEY DECIMAL CLASSIFICATION NUMBER
Item number 18868
Classification number 598.252
100 ## - MAIN ENTRY--PERSONAL NAME
Personal name THOMSON A. LANDSBOROUGH
245 ## - TITLE STATEMENT
Title Bird Migration
260 ## - PUBLICATION, DISTRIBUTION, ETC. (IMPRINT)
Place of publication, distribution, etc LONDON
Date of publication, distribution, etc 1942
Name of publisher, distributor, etc H. F. & G. WITHERBY LTD.
365 ## - TRADE PRICE
Price amount 0
630 ## - SUBJECT ADDED ENTRY--UNIFORM TITLE
Uniform title Bird Migration
730 ## - ADDED ENTRY--UNIFORM TITLE
Uniform title Bird Migration
942 ## - ADDED ENTRY ELEMENTS (KOHA)
Koha item type Book
Holdings
Withdrawn status Lost status Damaged status Not for loan Home library Current library Date acquired Cost, normal purchase price Total Checkouts Full call number Barcode Date last seen Price effective from Koha item type
        Bombay Natural History Society Bombay Natural History Society 12/11/2000 0.00   598.252 18868 BNHS-18868 04/15/2010 04/15/2010 Book